000
00242nam a22001217a 4500
008
181008b xxu||||| |||| 00| 0 eng d
041
_a
eng
080
_a
521
100
_a
42
101
_a
AST
245
_a
Planets
_c
Crl.s
942
_2
udc
_c
BK
999
_c
49044
_d
49044